000
00314nam a2200133Ia 4500
008
160319s9999 xx 000 0 und d
050
_a
808.84
050
_b
R673c 1998
100
_a
Roche, Joseph L.
245
2
_a
A Companion to CFC vol. 1
260
_b
ECCE/WORD & LIFE PUB.
260
_c
1998
300
_a
171
999
_c
292190
_d
292190